000 02238nam a22003257a 4500
001 4468
003 FISKH
005 20240911161647.0
008 240911b cb ||||| |||| 00| 0 eng d
020 _a9789995094706
040 _aFISKH
_bBilingual
_cFISKH
_dFISKH
050 _aPZ7
082 _a900
100 _aSotheary, Kimsun
_eauthor
245 _aបក្សីចាំក្រុង /
_cby Kimsun Sotheary
250 _aចេញផ្សាយខែធ្នូ ២០០៨
260 _aភ្នំពេញ :
_bReading Books ;
_c២០០៨ .
300 _a28 pages :
_bcolor illustrations ;
_c26 cm .
490 _aពិភពរឿងនិទាន
505 _aM
520 _aក្រោយពីព្រះបាទចក្រពត្តិ ទ្រង់ព្រះទិវង្គតទៅ ក៏មានបុរសម្នាក់ឈ្មោះដំបងគ្រញូងមានប្ញទ្ធិអំនាចខ្លាំងពូកែ បានសោយរាជ្យក្នុងរជ្ជកាលទី១៧ ដែលជាអ្នកបង្គាប់អោយធ្វើគុតព្រះរាជវង្សានុវង្សមុន​។ កាលនោះ​ មានអ្នកម្នាងម្នាក់ទ្រង់មានព្រះគភ៏បានភៀសខ្លួនមកនៅជាមួយតាគហេ និងយាយលាក់ ។ តាគហេស្រលាញ់ទារកនោះណាស់ហើយក៏បានដាក់ឈ្មោះអោយថា បក្សីចាំក្រុង ។​
520 _aAfter the death of the emperor, a powerful man named Dambang Kronhoung reigned in the 17th reign, who ordered the assassination of the first royal family. At that time, there was a concubine who fled to live with Tak He and Yeay Lak. He loved the baby so much that he named it Bird City.
521 8 _a550
_bLexile estimate
521 8 _aM
_bRaz-Plus
650 _aដំបងគ្រញូង
_vរឿងប្រឌិត
650 _a Rosewood sticks
_vfiction
700 _aSan, Thai
_eillustrator
942 _2ddc
_cKHB
_n0
999 _c4468
_d4468